000 00361 a2200169 4500
001 178527
020 _a85-329-0672-9
040 _cMagnum
100 _aOliveira, Alaide Lisboa de
240 1 0 _aA bonequinha preta
_lpor
245 1 0 _aA bonequinha preta
300 _a39
362 0 _a2004
440 1 _aLĂȘ
697 _aLITERATURA INFANTO
942 _cBK
999 _c178527
_d178527